[Event "4NCL Division Four"]
[Site "Daventry, ENG"]
[Date "2023.01.08"]
[Round "4.25"]
[White "Smith, Richard"]
[Black "Dalah, Jacob"]
[Result "1-0"]
[WhiteElo "1925"]
[BlackElo "1254"]
[PlyCount "133"]
[EventDate "2023.01.08"]
[WhiteTeam "Poole Patzers"]
[BlackTeam "Barnet Knights C"]

1. e4 e5 2. Nf3 Nc6 3. Bb5 Nf6 4. O-O d6 5. Re1 Bg4 6. c3 Be7 7. d4 O-O 8. d5
Nb8 9. Nbd2 c6 10. dxc6 Nxc6 11. h3 Be6 12. Nf1 Re8 13. Ng3 Qb6 14. Qe2 Rad8
15. Be3 Qc7 16. Ng5 Qc8 17. Nxe6 Qxe6 18. Nf5 g6 19. Bc4 Qc8 20. Nh6+ Kg7 21.
Nxf7 d5 22. Nxd8 dxc4 23. Nxc6 Qxc6 24. f3 Nh5 25. Red1 Rf8 26. Qf2 Nf4 27.
Bxf4 exf4 28. Rd5 b6 29. Qd4+ Kg8 30. Kf1 Bc5 31. Qxc4 Kh8 32. Rad1 Qf6 33.
Rxc5 bxc5 34. Qxc5 Qa6+ 35. Kf2 Rc8 36. Qe5+ Kg8 37. Rd7 Qb6+ 38. Ke2 Qxb2+ 39.
Rd2 Qxc3 40. Rd8+ Kf7 41. Rd7+ Kg8 42. Rg7+ Kh8 43. Qxc3 Rxc3 44. Rxa7 Rc2+ 45.
Kd3 Rxg2 46. a4 Rg3 47. e5 Rxf3+ 48. Ke4 Rxh3 49. Kxf4 Rh4+ 50. Kg5 Rh5+ 51.
Kf6 Rf5+ 52. Ke6 h5 53. Rf7 h4 54. Rb7 h3 55. Rb2 Rf4 56. Rh2 Rxa4 57. Kf7 Rh4
58. Kxg6 Kg8 59. Kg5 Re4 60. Kf6 Rf4+ 61. Ke7 Rf7+ 62. Ke8 Rh7 63. e6 Kg7 64.
e7 Kf6 65. Kd8 Rh8+ 66. e8=Q Rxe8+ 67. Kxe8 1-0

[Event "4NCL Division Four"]
[Site "Daventry, ENG"]
[Date "2023.01.08"]
[Round "4.26"]
[White "Lee, Xander"]
[Black "Popovic, Dragi"]
[Result "1-0"]
[WhiteElo "1221"]
[BlackElo "1718"]
[PlyCount "115"]
[EventDate "2023.01.08"]
[WhiteTeam "Barnet Knights C"]
[BlackTeam "Poole Patzers"]

1. e4 e5 2. Nc3 c6 3. f4 d6 4. Nf3 Qc7 5. fxe5 dxe5 6. Bc4 Be7 7. d4 Nd7 8. Ng5
Bxg5 9. Bxg5 Ngf6 10. O-O O-O 11. d5 cxd5 12. Bxd5 Qb6+ 13. Kh1 Qxb2 14. Qd3
Qa3 15. Qg3 Kh8 16. Bxf6 Nxf6 17. Qxe5 Nd7 18. Qc7 Qe7 19. Bxb7 Bxb7 20. Qxb7
Rfb8 21. Qd5 Nf6 22. Qf5 Qe6 23. Nd5 Rc8 24. Qxe6 fxe6 25. Nxf6 gxf6 26. Rxf6
Rxc2 27. Rxe6 Rac8 28. h3 Re2 29. Re7 a5 30. Ra7 Rc5 31. Rd1 Rc8 32. Rxa5 Rxe4
33. Rd2 Rc7 34. Rad5 Ree7 35. a4 Ra7 36. a5 Kg8 37. Rb5 Kg7 38. Ra2 h6 39. a6
Red7 40. Rb6 Re7 41. Rab2 Rf7 42. Rc2 Rf6 43. Rb7+ Rf7 44. Rxa7 Rxa7 45. Ra2
Kf6 46. Ra5 h5 47. h4 Kg7 48. Kh2 Kg6 49. Kh3 Kg7 50. g4 hxg4+ 51. Kxg4 Ra8 52.
a7 Kh6 53. Ra6+ Kg7 54. h5 Kg8 55. h6 Kh8 56. Kg5 Kh7 57. Kf5 Kh8 58. Ke6 1-0

[Event "4NCL Division Four"]
[Site "Daventry, ENG"]
[Date "2023.01.08"]
[Round "4.31"]
[White "Reynolds, D Ian W"]
[Black "Davis, Lee"]
[Result "1/2-1/2"]
[WhiteElo "1964"]
[BlackElo "2090"]
[PlyCount "37"]
[EventDate "2023.01.08"]
[WhiteTeam "Iceni 2"]
[BlackTeam "The Full Ponty"]

1. e4 g6 2. d4 d6 3. Nc3 Bg7 4. f4 Nf6 5. Nf3 O-O 6. e5 Nfd7 7. Be3 c5 8. exd6
exd6 9. Qd2 Nc6 10. O-O-O Qa5 11. Kb1 Nf6 12. h3 Bf5 13. Bd3 Bxd3 14. Qxd3 Nb4
15. Qb5 Qxb5 16. Nxb5 Nbd5 17. Bc1 Rfd8 18. c4 Ne7 19. Rhe1 1/2-1/2

[Event "4NCL Division Four"]
[Site "Daventry, ENG"]
[Date "2023.01.08"]
[Round "4.32"]
[White "Adams, Mark"]
[Black "Wilks, Simon"]
[Result "1/2-1/2"]
[WhiteElo "2016"]
[BlackElo "1908"]
[PlyCount "42"]
[EventDate "2023.01.08"]
[WhiteTeam "The Full Ponty"]
[BlackTeam "Iceni 2"]

1. e4 Nf6 2. e5 Nd5 3. d4 d6 4. Nf3 dxe5 5. Nxe5 c6 6. Bc4 Nd7 7. O-O Nxe5 8.
dxe5 Bf5 9. c3 Nb6 10. Bb3 Qxd1 11. Rxd1 e6 12. Bf4 Bc5 13. h3 O-O 14. Nd2 a5
15. a4 Rfd8 16. Nf3 h6 17. Ne1 Kf8 18. Rxd8+ Rxd8 19. Rd1 Rxd1 20. Bxd1 Nd7 21.
Bg3 Bb6 1/2-1/2

[Event "4NCL Division Four"]
[Site "Daventry, ENG"]
[Date "2023.01.08"]
[Round "4.33"]
[White "Ruthen, Stephen W"]
[Black "Fletcher, John"]
[Result "1/2-1/2"]
[WhiteElo "1857"]
[BlackElo "2014"]
[PlyCount "69"]
[EventDate "2023.01.08"]
[WhiteTeam "Iceni 2"]
[BlackTeam "The Full Ponty"]

1. c4 e5 2. g3 Nf6 3. Bg2 c6 4. d4 e4 5. Nc3 d5 6. cxd5 cxd5 7. Bg5 Bb4 8. Rc1
Nc6 9. Nh3 h6 10. Bxf6 Qxf6 11. e3 O-O 12. O-O Be6 13. Nf4 Rfd8 14. f3 exf3 15.
Bxf3 Qg5 16. Kg2 Rd7 17. h4 Qd8 18. Bg4 Bxg4 19. Qxg4 Bf8 20. Nh5 Rd6 21. Qf5
Qd7 22. Nb5 Qxf5 23. Rxf5 Rd7 24. Rcf1 Re8 25. R1f3 Bb4 26. R5f4 Bd2 27. Rg4
Kh8 28. Rxg7 Bxe3 29. Rfxf7 Rxf7 30. Rxf7 Re7 31. Rxe7 Nxe7 32. Kf3 Bc1 33. b3
Bb2 34. Nc7 Bxd4 35. Nf4 1/2-1/2

[Event "4NCL Division Four"]
[Site "Daventry, ENG"]
[Date "2023.01.08"]
[Round "4.34"]
[White "Perrett, David C"]
[Black "Rosenbach, Martin"]
[Result "1/2-1/2"]
[WhiteElo "1959"]
[BlackElo "1899"]
[PlyCount "57"]
[EventDate "2023.01.08"]
[WhiteTeam "The Full Ponty"]
[BlackTeam "Iceni 2"]

1. d4 Nf6 2. Bg5 e6 3. e4 h6 4. Bxf6 Qxf6 5. Qd2 d6 6. Nc3 Bd7 7. O-O-O Be7 8.
f4 g5 9. g3 gxf4 10. gxf4 a6 11. Nf3 Rg8 12. Bd3 Nc6 13. e5 Qh8 14. d5 Na7 15.
Qe3 Nc8 16. Rhe1 Nb6 17. exd6 Bxd6 18. dxe6 fxe6 19. Ne5 Bxe5 20. fxe5 O-O-O
21. Qc5 Kb8 22. Qb4 Rg5 23. a4 Qf8 24. Qb3 Qf4+ 25. Kb1 Rxe5 26. Rxe5 Qxe5 27.
Be4 Nd5 28. Bxd5 exd5 29. Qxd5 1/2-1/2

[Event "4NCL Division Four"]
[Site "Daventry, ENG"]
[Date "2023.01.08"]
[Round "4.35"]
[White "Kenning, Paul H"]
[Black "Hughes, Anthony"]
[Result "0-1"]
[WhiteElo "1833"]
[BlackElo "1967"]
[PlyCount "62"]
[EventDate "2023.01.08"]
[WhiteTeam "Iceni 2"]
[BlackTeam "The Full Ponty"]

1. d4 d5 2. Bf4 Nf6 3. e3 e6 4. Nd2 Bd6 5. Bg3 O-O 6. Bd3 c5 7. c3 Qc7 8. Ngf3
Nbd7 9. Qe2 e5 10. dxc5 Nxc5 11. e4 Bg4 12. Rd1 a6 13. Bb1 Rfe8 14. O-O Nh5 15.
Rfe1 Nxg3 16. hxg3 Rad8 17. Nb3 Nxe4 18. Rxd5 Nf6 19. Rd2 e4 20. Qd1 exf3 21.
Rxe8+ Nxe8 22. Nd4 Nf6 23. gxf3 Bd7 24. Bf5 g6 25. Bc2 Bc5 26. Bb3 Re8 27. g4
Bc6 28. Nxc6 bxc6 29. g5 Qg3+ 30. Kf1 Qxg5 31. Rd8 Qe5 0-1

[Event "4NCL Division Four"]
[Site "Daventry, ENG"]
[Date "2023.01.08"]
[Round "4.36"]
[White "Davies, Peter"]
[Black "Feavyour, John A"]
[Result "1-0"]
[WhiteElo "1879"]
[BlackElo "1844"]
[PlyCount "101"]
[EventDate "2023.01.08"]
[WhiteTeam "The Full Ponty"]
[BlackTeam "Iceni 2"]

1. d4 Nf6 2. c4 g6 3. Nc3 Bg7 4. e4 d6 5. f4 O-O 6. Nf3 c5 7. d5 e6 8. Be2 exd5
9. exd5 Re8 10. O-O a6 11. a4 Nbd7 12. Bd3 Ng4 13. Re1 f5 14. Rxe8+ Qxe8 15.
Bd2 h6 16. Qf1 Qf7 17. Re1 Nf8 18. Nd1 Bd7 19. a5 Re8 20. b4 Nf6 21. bxc5 dxc5
22. Nc3 Rxe1 23. Qxe1 Qe8 24. Ne5 Ng4 25. Nxg4 Qxe1+ 26. Bxe1 fxg4 27. Kf2 Bf5
28. Ne4 Nd7 29. Ke2 Bd4 30. Nd6 Bxd3+ 31. Kxd3 b6 32. axb6 Nxb6 33. Bc3 Bxc3
34. Kxc3 Kf8 35. Ne4 Nd7 36. Kb3 Ke7 37. Nf2 h5 38. Nd3 Kd6 39. Ne5 Nxe5 40.
fxe5+ Kxe5 41. Ka4 g5 42. g3 h4 43. Ka5 hxg3 44. hxg3 Ke4 45. d6 Kf3 46. d7
Kxg3 47. d8=Q Kh4 48. Qh8+ Kg3 49. Qf6 Kh3 50. Qxg5 g3 51. Kxa6 1-0

[Event "4NCL Division Four"]
[Site "Daventry, ENG"]
[Date "2023.01.08"]
[Round "4.41"]
[White "Pedersen, Carsten"]
[Black "Bromilow, Edward T"]
[Result "1-0"]
[WhiteElo "2084"]
[BlackElo "1778"]
[PlyCount "109"]
[EventDate "2023.01.08"]
[WhiteTeam "Celtic Tigers 2"]
[BlackTeam "Ashfield 2"]

1. e4 c6 2. Nf3 d5 3. Nc3 dxe4 4. Nxe4 Nf6 5. Nxf6+ exf6 6. d4 Bd6 7. Bd3 O-O
8. O-O Bg4 9. c3 Re8 10. Be3 Nd7 11. Re1 Nf8 12. Be2 Qc7 13. h3 Be6 14. Qc2 Ng6
15. Bd3 Qd7 16. Bf1 Nf4 17. Bxf4 Bxf4 18. Rad1 g6 19. c4 Bf5 20. Qc3 Kg7 21. g4
Be4 22. Nd2 Bxd2 23. Rxd2 g5 24. Rde2 Bg6 25. Bg2 Rxe2 26. Rxe2 Rd8 27. d5 c5
28. Qe3 Qc7 29. Bf3 b6 30. Kg2 Kf8 31. a3 a5 32. h4 h6 33. h5 Bh7 34. Be4 Re8
35. Qf3 Bxe4 36. Rxe4 Qd7 37. Qe3 Re5 38. Kg3 Qd6 39. Rxe5 fxe5 40. Qe4 Qf6 41.
b3 Qd6 42. Kf3 Kg7 43. Qf5 e4+ 44. Kxe4 f6 45. Qg6+ Kf8 46. Qxh6+ Ke7 47. Qh7+
Ke8 48. Qf5 Qh2 49. Qe6+ Kd8 50. Qxf6+ Kc8 51. Qc6+ Kd8 52. Qxb6+ Kd7 53. Qe6+
Kd8 54. d6 Qh1+ 55. Kf5 1-0

[Event "4NCL Division Four"]
[Site "Daventry, ENG"]
[Date "2023.01.08"]
[Round "4.42"]
[White "Levens, David G"]
[Black "Skulte, Christopher"]
[Result "0-1"]
[WhiteElo "1780"]
[BlackElo "2080"]
[PlyCount "64"]
[EventDate "2023.01.08"]
[WhiteTeam "Ashfield 2"]
[BlackTeam "Celtic Tigers 2"]

1. e4 c5 2. d4 cxd4 3. c3 d5 4. exd5 Qxd5 5. Nf3 e5 6. cxd4 exd4 7. Qxd4 Qe6+
8. Be2 Nc6 9. Qd1 Bc5 10. O-O Nge7 11. Nbd2 O-O 12. Bc4 Qg4 13. Be2 Be6 14. a3
Rfd8 15. b4 Bb6 16. Bb2 Qg6 17. Qe1 Nd5 18. b5 Nf4 19. Nh4 Qc2 20. Nhf3 Qxb2
21. bxc6 Ba5 22. cxb7 Rab8 23. Rb1 Qc2 24. Bd1 Qxb1 25. Nxb1 Bxe1 26. Rxe1 Rxb7
27. Bc2 Rb2 28. Be4 f5 29. Bc6 Rc8 30. Ne5 Rcb8 31. Nc3 Ne2+ 32. Nxe2 Rxe2 0-1

[Event "4NCL Division Four"]
[Site "Daventry, ENG"]
[Date "2023.01.08"]
[Round "4.43"]
[White "Quinn, John M"]
[Black "Radford, Mark Sr"]
[Result "0-1"]
[WhiteElo "2084"]
[BlackElo "1812"]
[PlyCount "76"]
[EventDate "2023.01.08"]
[WhiteTeam "Celtic Tigers 2"]
[BlackTeam "Ashfield 2"]

1. d4 e6 2. c4 Nf6 3. Nc3 Bb4 4. Qc2 O-O 5. Nf3 d5 6. a3 Bd6 7. Bg5 c6 8. e3
Nbd7 9. cxd5 exd5 10. Bd3 Qc7 11. Rc1 a6 12. Bh4 Re8 13. Bg3 h6 14. b4 Nh5 15.
Nxd5 Qb8 16. Bxd6 Qxd6 17. Nc3 Nf4 18. O-O Nxd3 19. Qxd3 Nf6 20. e4 Nh5 21. e5
Qe6 22. Qe4 Bd7 23. Rfe1 Qb3 24. Qh4 g6 25. Ne4 Qxa3 26. Nf6+ Nxf6 27. exf6 h5
28. Ne5 Qxb4 29. Re3 Qd2 30. Rce1 Bf5 31. Nf3 Rxe3 32. fxe3 Qc3 33. Qf4 Qa3 34.
e4 Be6 35. Qg5 a5 36. h3 Qf8 37. Ne5 Kh7 38. Nf3 a4 0-1

[Event "4NCL Division Four"]
[Site "Daventry, ENG"]
[Date "2023.01.08"]
[Round "4.44"]
[White "Graham, Neil"]
[Black "Cranston, Adam"]
[Result "1-0"]
[WhiteElo "1781"]
[BlackElo "1669"]
[PlyCount "37"]
[EventDate "2023.01.08"]
[WhiteTeam "Ashfield 2"]
[BlackTeam "Celtic Tigers 2"]

1. d4 d5 2. e4 dxe4 3. Nc3 Nf6 4. f3 exf3 5. Nxf3 Bg4 6. h3 Bxf3 7. Qxf3 c6 8.
g4 e6 9. g5 Nd5 10. Bc4 Nxc3 11. bxc3 Bd6 12. O-O O-O 13. Qe4 Nd7 14. Bd2 Qe7
15. Rae1 Rae8 16. Rf3 e5 17. g6 hxg6 18. Qxg6 e4 19. Bh6 1-0

[Event "4NCL Division Four"]
[Site "Daventry, ENG"]
[Date "2023.01.08"]
[Round "4.45"]
[White "Sturt, Charles A"]
[Black "Bentley, Alex"]
[Result "1/2-1/2"]
[WhiteElo "1600"]
[BlackElo "1752"]
[PlyCount "118"]
[EventDate "2023.01.08"]
[WhiteTeam "Celtic Tigers 2"]
[BlackTeam "Ashfield 2"]

1. e4 c5 2. d4 cxd4 3. c3 d3 4. Bxd3 Nc6 5. c4 g6 6. Nf3 Bg7 7. Nc3 d6 8. O-O
Nf6 9. h3 O-O 10. Be3 Nd7 11. Rc1 b6 12. Qe2 Bb7 13. Rfd1 Nc5 14. Bb1 Qd7 15.
Ng5 h6 16. Nf3 Rad8 17. Nd4 Ne6 18. Nxc6 Bxc6 19. b4 Qb7 20. b5 Bd7 21. Nd5 Bc8
22. f4 Nc5 23. Bd4 Be6 24. Bxg7 Kxg7 25. f5 Bxd5 26. exd5 Rde8 27. Qg4 Qc8 28.
Qg3 g5 29. h4 Rg8 30. f6+ exf6 31. Qxd6 Ne4 32. Bxe4 Rxe4 33. hxg5 hxg5 34. Rf1
Qc5+ 35. Qxc5 bxc5 36. g3 Re5 37. a4 f5 38. a5 Kf6 39. Rb1 Re4 40. Rfc1 Ke5 41.
b6 axb6 42. axb6 Rb8 43. b7 Kd6 44. Rb6+ Kd7 45. Kf2 f4 46. g4 Ree8 47. Rcb1
Re4 48. Rc1 Ree8 49. Rc2 Rh8 50. Kg2 Rh4 51. Kf3 f5 52. gxf5 Rh3+ 53. Kg2 g4
54. Rcb2 Rbh8 55. b8=Q Rg3+ 56. Kf1 Rh1+ 57. Ke2 Rh2+ 58. Kf1 Rh1+ 59. Ke2 Rh2+
1/2-1/2

[Event "4NCL Division Four"]
[Site "Daventry, ENG"]
[Date "2023.01.08"]
[Round "4.46"]
[White "Hill, Maurice J"]
[Black "White, John"]
[Result "0-1"]
[WhiteElo "1787"]
[BlackElo "1523"]
[PlyCount "138"]
[EventDate "2023.01.08"]
[WhiteTeam "Ashfield 2"]
[BlackTeam "Celtic Tigers 2"]

1. g3 d5 2. Bg2 c6 3. Nf3 Nf6 4. O-O Bf5 5. d3 e6 6. Nbd2 Bd6 7. Re1 e5 8. e4
dxe4 9. dxe4 Be6 10. Qe2 h6 11. Nc4 Bxc4 12. Qxc4 Qe7 13. Bd2 Nbd7 14. b4 a6
15. Rad1 Nf8 16. a3 Ng6 17. Qb3 O-O 18. c4 Rfd8 19. Qb1 Nh7 20. h4 Nf6 21. Bh3
Qc7 22. a4 b6 23. Kg2 Nh5 24. Qc1 Bf8 25. Qc3 a5 26. Qb3 axb4 27. Bxb4 Rxd1 28.
Rxd1 Bxb4 29. Qxb4 Rd8 30. Rb1 Rb8 31. c5 b5 32. a5 Ra8 33. Ra1 Ra6 34. Nd2 Nf6
35. f3 Qd8 36. Ra3 Nf8 37. Kf2 Ne8 38. Ke2 Qa8 39. Nb3 Nc7 40. Qd2 Nce6 41.
Bxe6 Nxe6 42. Ke3 Qf8 43. Qc3 Qb8 44. Ra1 Nd4 45. Nxd4 exd4+ 46. Qxd4 Qxg3 47.
Qd8+ Kh7 48. Rd1 Qe5 49. Qd6 Qc3+ 50. Kf4 b4 51. e5 Rxa5 52. Qxc6 Rxc5 53. Qe4+
g6 54. Rd4 Qc1+ 55. Qe3 Qxe3+ 56. Kxe3 Rxe5+ 57. Kd3 Rb5 58. Kc4 Rb7 59. Kb3
Kg7 60. f4 Rb5 61. Kc4 Rh5 62. Kxb4 Rxh4 63. Kc3 g5 64. Kd3 Rxf4 65. Rxf4 gxf4
66. Ke4 Kg6 67. Kxf4 f5 68. Kg3 Kg5 69. Kf3 h5 0-1

[Event "4NCL Division Four"]
[Site "Daventry, ENG"]
[Date "2023.01.08"]
[Round "4.51"]
[White "Hazlehurst, Cory S"]
[Black "Cole, James"]
[Result "1-0"]
[WhiteElo "2039"]
[BlackElo "1958"]
[PlyCount "61"]
[EventDate "2023.01.08"]
[WhiteTeam "MASCeteers"]
[BlackTeam "Oxford 3"]

1. d4 Nf6 2. Nf3 g6 3. g3 Bg7 4. Bg2 O-O 5. O-O c5 6. d5 d6 7. c4 b5 8. cxb5 a6
9. bxa6 Bxa6 10. Nc3 Nfd7 11. Qc2 Nb6 12. Rd1 N8d7 13. e4 Nc4 14. b3 Qa5 15.
bxc4 Bxc3 16. Bd2 Bxd2 17. Rxd2 Rfb8 18. a3 Rb7 19. h4 Rab8 20. h5 Nb6 21. Bf1
Na4 22. Rd3 Nb2 23. Rc3 Na4 24. Re3 Rb2 25. Qc1 f6 26. hxg6 hxg6 27. e5 dxe5
28. Rxe5 fxe5 29. Qh6 Qb6 30. Bh3 Kf7 31. Nxe5+ 1-0

[Event "4NCL Division Four"]
[Site "Daventry, ENG"]
[Date "2023.01.08"]
[Round "4.52"]
[White "Terry, Sean"]
[Black "Hurney, Kevin"]
[Result "1/2-1/2"]
[WhiteElo "1896"]
[BlackElo "2028"]
[PlyCount "92"]
[EventDate "2023.01.08"]
[WhiteTeam "Oxford 3"]
[BlackTeam "MASCeteers"]

1. d4 Nf6 2. Nf3 d6 3. Nc3 g6 4. e4 Bg7 5. Be3 c6 6. a4 Qa5 7. Bd3 Nbd7 8. O-O
O-O 9. Bd2 Qc7 10. Re1 e5 11. dxe5 dxe5 12. b4 Nh5 13. Rb1 Nf4 14. Bc4 Nb6 15.
Bb3 Be6 16. Bxf4 Bxb3 17. Bxe5 Bxe5 18. Rxb3 Bxc3 19. Rxc3 Nxa4 20. Rce3 Nb6
21. Qa1 Nc4 22. R3e2 a5 23. bxa5 Rxa5 24. Qc3 Ne5 25. Nxe5 Qxe5 26. Qxe5 Rxe5
27. f4 Rc5 28. Rd2 Re8 29. Kf2 Re7 30. Re3 f6 31. Kf3 h5 32. h4 Rc4 33. c3 Kf7
34. g3 Ke6 35. Red3 b5 36. Re3 Kf7 37. Rdd3 c5 38. Rd5 b4 39. cxb4 cxb4 40. Rb5
Ra7 41. g4 hxg4+ 42. Kxg4 Kg7 43. f5 Rac7 44. fxg6 Kxg6 45. h5+ Kf7 46. Kf4
R7c5 1/2-1/2

[Event "4NCL Division Four"]
[Site "Daventry, ENG"]
[Date "2023.01.08"]
[Round "4.53"]
[White "Clarke, Neil"]
[Black "Staples, Neil"]
[Result "1-0"]
[WhiteElo "1934"]
[BlackElo "1778"]
[PlyCount "69"]
[EventDate "2023.01.08"]
[WhiteTeam "MASCeteers"]
[BlackTeam "Oxford 3"]

1. d4 d6 2. Nf3 Nf6 3. Nc3 Nbd7 4. e4 e5 5. Bc4 Be7 6. O-O O-O 7. a4 c6 8. Re1
h6 9. Bb3 Re8 10. h3 exd4 11. Nxd4 Nc5 12. Ba2 Bf8 13. f3 g6 14. Be3 Ne6 15.
Nde2 Qc7 16. Qd2 Kh7 17. Rad1 b6 18. b4 Bb7 19. b5 Rac8 20. Bb3 a6 21. bxc6
Bxc6 22. Nf4 Bb7 23. Ncd5 Bxd5 24. Nxd5 Nxd5 25. Qxd5 Qc6 26. Rd2 Qxd5 27. Bxd5
Rb8 28. Rb1 b5 29. Ba7 Rbc8 30. axb5 axb5 31. Rxb5 Rc3 32. Rb3 Rec8 33. Rxc3
Rxc3 34. Bb3 Kg7 35. Bxe6 1-0

[Event "4NCL Division Four"]
[Site "Daventry, ENG"]
[Date "2023.01.08"]
[Round "4.54"]
[White "Cole, Graham"]
[Black "Moss, Jack"]
[Result "0-1"]
[WhiteElo "1725"]
[BlackElo "1860"]
[PlyCount "132"]
[EventDate "2023.01.08"]
[WhiteTeam "Oxford 3"]
[BlackTeam "MASCeteers"]

1. e4 e5 2. Nf3 Nc6 3. d4 exd4 4. Bc4 Nf6 5. e5 Ne4 6. Qe2 Nc5 7. O-O Ne6 8.
Bxe6 fxe6 9. Rd1 Be7 10. Nxd4 Nxd4 11. Rxd4 O-O 12. Nc3 b6 13. Rf4 Bb7 14. Ne4
Bc6 15. Bd2 Rxf4 16. Bxf4 Qf8 17. Bg3 Qf5 18. Re1 Rf8 19. a3 a5 20. h3 h5 21.
h4 Qg6 22. c3 Bxh4 23. Bxh4 Rf4 24. f3 Rxh4 25. Qf2 Rf4 26. Qg3 Qxg3 27. Nxg3
g6 28. Ne2 Rf7 29. Nd4 Kf8 30. Nxc6 dxc6 31. Kf2 Rd7 32. Re2 g5 33. Ke3 Kg7 34.
Ke4 Kg6 35. Rf2 Rf7 36. g3 h4 37. gxh4 Rf4+ 38. Ke3 Rxh4 39. Rd2 Kf5 40. Rg2
Rh7 41. Kd3 Rg7 42. a4 c5 43. Kc4 Kxe5 44. Rg4 c6 45. Kd3 Kf5 46. b4 cxb4 47.
cxb4 Rd7+ 48. Ke3 e5 49. bxa5 bxa5 50. Rc4 Rd4 51. Rxc6 Rxa4 52. Ra6 Ra3+ 53.
Ke2 g4 54. fxg4+ Kxg4 55. Ra8 Kf5 56. Rf8+ Ke4 57. Rh8 Ra2+ 58. Kd1 Kd4 59.
Rh4+ e4 60. Rh8 a4 61. Rd8+ Ke3 62. Rh8 a3 63. Kc1 Rf2 64. Ra8 a2 65. Ra3+ Kf4
66. Kd1 a1=Q+ 0-1

[Event "4NCL Division Four"]
[Site "Daventry, ENG"]
[Date "2023.01.08"]
[Round "4.55"]
[White "Drugan, Mark A"]
[Black "Neatherway, A Philip"]
[Result "1-0"]
[WhiteElo "1802"]
[BlackElo "1825"]
[PlyCount "45"]
[EventDate "2023.01.08"]
[WhiteTeam "MASCeteers"]
[BlackTeam "Oxford 3"]

1. e4 e6 2. d4 d5 3. Nd2 Nf6 4. e5 Nfd7 5. Bd3 c5 6. c3 cxd4 7. cxd4 Nc6 8. Ne2
f6 9. exf6 Nxf6 10. O-O Bd6 11. Nf3 O-O 12. Bg5 e5 13. dxe5 Nxe5 14. Nxe5 Bxe5
15. Nc3 Qd6 16. Nb5 Bxh2+ 17. Kh1 Qb8 18. f4 Ng4 19. Qf3 Kh8 20. Qxd5 h6 21.
Nd6 hxg5 22. Nf7+ Rxf7 23. Qd8+ 1-0

[Event "4NCL Division Four"]
[Site "Daventry, ENG"]
[Date "2023.01.08"]
[Round "4.56"]
[White "Foster, Cyril"]
[Black "Isik, Muhammed Oguz"]
[Result "0-1"]
[WhiteElo "1756"]
[BlackElo "1711"]
[PlyCount "42"]
[EventDate "2023.01.08"]
[WhiteTeam "Oxford 3"]
[BlackTeam "MASCeteers"]

1. e4 e5 2. Nf3 Nc6 3. d4 exd4 4. Nxd4 Bc5 5. Nb3 Bb6 6. Nc3 Qf6 7. Qe2 Nge7 8.
Be3 d6 9. O-O-O Bd7 10. Kb1 g5 11. Bxb6 axb6 12. Qe3 Kd8 13. Bb5 Re8 14. Qd2
Ne5 15. Bxd7 Kxd7 16. f3 Nc4 17. Qd3 b5 18. Nd4 Ra5 19. b3 Na3+ 20. Kb2 b4 21.
Ncb5 Nxb5 0-1

[Event "4NCL Division Four"]
[Site "Daventry, ENG"]
[Date "2023.01.08"]
[Round "4.61"]
[White "Ireland, David J"]
[Black "Stewart, Joseph J"]
[Result "1-0"]
[WhiteElo "1971"]
[BlackElo "2224"]
[PlyCount "65"]
[EventDate "2023.01.08"]
[WhiteTeam "Coventry"]
[BlackTeam "Wotton Hall"]

1. e4 c5 2. Nc3 Nc6 3. f4 e6 4. Nf3 d5 5. Bb5 Nge7 6. exd5 Nxd5 7. Bxc6+ bxc6
8. d3 Nxc3 9. bxc3 Bd6 10. O-O Qc7 11. Ng5 c4 12. f5 exf5 13. Re1+ Kf8 14. Qh5
h6 15. Be3 Ba6 16. Bd4 Kg8 17. Nf3 c5 18. Be5 g6 19. Qh4 Bxe5 20. Rxe5 Kg7 21.
Re7 Qd6 22. Rae1 Qf6 23. Qg3 Rhf8 24. R1e6 Qxe6 25. Rxe6 fxe6 26. Ne5 g5 27.
Nd7 f4 28. Qe1 Rf7 29. Qe5+ Kg8 30. Qxe6 Bc8 31. Qg6+ Rg7 32. Qe8+ Kh7 33. Nf6#
1-0

[Event "4NCL Division Four"]
[Site "Daventry, ENG"]
[Date "2023.01.08"]
[Round "4.62"]
[White "Robson, Ian A"]
[Black "Pink, Joshua"]
[Result "1/2-1/2"]
[WhiteElo "2200"]
[BlackElo "1887"]
[PlyCount "68"]
[EventDate "2023.01.08"]
[WhiteTeam "Wotton Hall"]
[BlackTeam "Coventry"]

1. e4 c6 2. Nf3 d5 3. exd5 cxd5 4. Ne5 Nc6 5. d4 Qd6 6. f4 Nf6 7. c3 g6 8. Bd3
Bf5 9. O-O Bg7 10. Qe2 O-O 11. Nd2 Rac8 12. g4 Bxd3 13. Qxd3 Qc7 14. h3 a6 15.
a4 e6 16. Kg2 Ne7 17. Rf3 Ne8 18. Qe2 Nd6 19. b3 f5 20. Ba3 Ne4 21. Rc1 Rfe8
22. c4 Qa5 23. Nxe4 fxe4 24. Rfc3 b5 25. Bxe7 Rxe7 26. axb5 axb5 27. R3c2 Bxe5
28. fxe5 bxc4 29. bxc4 Rf8 30. Qd2 Qa3 31. Rc3 Qb4 32. R3c2 Qa3 33. Rc3 Qb4 34.
R3c2 Qa3 1/2-1/2

[Event "4NCL Division Four"]
[Site "Daventry, ENG"]
[Date "2023.01.08"]
[Round "4.63"]
[White "Manickam, Saravanna Bava"]
[Black "Ashworth, Michael"]
[Result "0-1"]
[WhiteElo "1745"]
[BlackElo "2183"]
[PlyCount "60"]
[EventDate "2023.01.08"]
[WhiteTeam "Coventry"]
[BlackTeam "Wotton Hall"]

1. d4 g6 2. Bf4 Bg7 3. Nc3 d6 4. e4 a6 5. Qd2 Nd7 6. Nf3 b5 7. a3 Bb7 8. Be2 h6
9. Rd1 e6 10. h3 Ne7 11. Be3 Rc8 12. O-O g5 13. Rfe1 Ng6 14. d5 e5 15. Nh2 Nf6
16. Ng4 Rb8 17. Nxf6+ Bxf6 18. Bg4 Bc8 19. Bxc8 Qxc8 20. Na2 Nh4 21. Qe2 h5 22.
f3 Rg8 23. Rf1 Be7 24. Qf2 f5 25. exf5 Qxf5 26. g4 Qf7 27. Nb4 Ra8 28. Rd3
Nxf3+ 29. Qxf3 Qxf3 30. Rxf3 e4 0-1

[Event "4NCL Division Four"]
[Site "Daventry, ENG"]
[Date "2023.01.08"]
[Round "4.64"]
[White "Ashworth, Robert"]
[Black "Stamper, Tom"]
[Result "1/2-1/2"]
[WhiteElo "1906"]
[BlackElo "1784"]
[PlyCount "84"]
[EventDate "2023.01.08"]
[WhiteTeam "Wotton Hall"]
[BlackTeam "Coventry"]

1. e4 e6 2. d4 d5 3. Nd2 h6 4. Bd3 c5 5. c3 cxd4 6. cxd4 dxe4 7. Nxe4 Nf6 8.
Nxf6+ Qxf6 9. Nf3 Bb4+ 10. Bd2 Bxd2+ 11. Qxd2 O-O 12. Be4 Nd7 13. O-O Nb6 14.
Ne5 Rd8 15. Qe3 Nd5 16. Qg3 Qg5 17. Qxg5 hxg5 18. Bxd5 Rxd5 19. Rfd1 f6 20. Nc4
Bd7 21. Ne3 Rb5 22. b3 Bc6 23. Rac1 Rd8 24. Rc3 a5 25. a4 Rb4 26. Nc4 Rd5 27.
Rcd3 Kf8 28. f3 Ke7 29. Kf2 b6 30. Re1 Rd8 31. Ne3 Kf7 32. Nc2 Bd5 33. Nxb4
axb4 34. Rc1 Rd7 35. Ke3 g4 36. fxg4 Bxg2 37. Rd2 Bd5 38. Rdc2 Bxb3 39. Rb2
Bxa4 40. Rxb4 b5 41. Rc5 Rd8 42. h4 Bd1 1/2-1/2

[Event "4NCL Division Four"]
[Site "Daventry, ENG"]
[Date "2023.01.08"]
[Round "4.65"]
[White "Woolgar, Steven G"]
[Black "Moldovan, Alexandru-Mitic"]
[Result "0-1"]
[WhiteElo "1616"]
[BlackElo "1776"]
[PlyCount "64"]
[EventDate "2023.01.08"]
[WhiteTeam "Coventry"]
[BlackTeam "Wotton Hall"]

1. c4 e5 2. Nc3 f5 3. g3 Nf6 4. Bg2 Be7 5. d3 O-O 6. Nf3 Nc6 7. a3 h6 8. O-O d6
9. b3 Qe8 10. Nd5 Nxd5 11. cxd5 Nd8 12. Qc2 c5 13. dxc6 Nxc6 14. Bb2 Be6 15. b4
Rc8 16. Qd2 Bf6 17. Rfd1 Qg6 18. e3 h5 19. h4 f4 20. exf4 exf4 21. Bxf6 Rxf6
22. Kh2 fxg3+ 23. fxg3 Ne5 24. Nxe5 dxe5 25. Be4 Qf7 26. Kg1 Rf8 27. Qg2 Rf2
28. Qh1 Bg4 29. Re1 Qc7 30. Bd5+ Kh8 31. Qe4 Bf3 32. Qc4 Rg2+ 0-1

[Event "4NCL Division Four"]
[Site "Daventry, ENG"]
[Date "2023.01.08"]
[Round "4.66"]
[White "Bendall, Kevin N"]
[Black "Conway, John"]
[Result "1/2-1/2"]
[WhiteElo "1598"]
[BlackElo "1642"]
[PlyCount "62"]
[EventDate "2023.01.08"]
[WhiteTeam "Wotton Hall"]
[BlackTeam "Coventry"]

1. d4 Nf6 2. Bf4 d5 3. e3 e6 4. Nf3 Be7 5. Nbd2 O-O 6. h3 b6 7. Bd3 Ba6 8. Bxa6
Nxa6 9. Ne5 Qe8 10. O-O c5 11. c3 c4 12. Qe2 Nb8 13. e4 b5 14. a3 Nc6 15. Nxc6
Qxc6 16. e5 Ne8 17. Qg4 f5 18. Qg3 a5 19. Nf3 b4 20. h4 bxa3 21. bxa3 Nc7 22.
a4 Rab8 23. Bg5 Rf7 24. Bxe7 Rxe7 25. Qf4 Na8 26. Qd2 Rb3 27. Rfc1 Reb7 28. Qa2
Qb6 29. Qd2 Qd8 30. Qd1 Qb8 31. Ng5 R7b6 1/2-1/2